000 00318nam a2200133Ia 4500
005 20251222141810.0
008 251222s9999||||xx |||||||||||||| ||spa||
082 _a860.992.87/R78
100 _aRojas - Treme, Lady
245 0 _aAlumbramiento Verbal en los 90
250 _a1ra.ed.
264 _bArteidea
942 _cLIB
999 _c6436
_d6436